000
00277nam a2200121Ia 4500
008
190216s9999||||xx |||||||||||||| ||und||
100
_a
Vashishta B R
245
0
_a
Botany For Degree Students
260
_b
S Chand & Co
_c
1970
300
_a
365p
650
_a
Botany
942
_c
BK
999
_c
1163
_d
1163